Statistics for New York Islanders 2022-23 Roster

Click here to take the quiz!

General Stats

  • This quiz has been taken 153 times
  • The average score is 19 of 24

Answer Stats

HintAnswer% Correct
13Barzal
98%
30Sorokin
97%
29Nelson
95%
27Lee
93%
17Martin
89%
15Clutterbuck
88%
8Dobson
88%
3Pelech
88%
40Varlamov
88%
24Mayfield
86%
6Pulock
86%
53Cizikas
84%
44Pageau
84%
12Bailey
80%
25Aho
77%
11Parise
74%
26Wahlstrom
73%
18Beauvillier
71%
21Palmieri
70%
28Romanov
70%
32Johnston
64%
2Salo
47%
20Bellows
40%
43Raty
21%

Score Distribution

Percentile by Number Answered

Percent of People with Each Score

Your Score History

You have not taken this quiz